LEADER 03079nam 2200577Ia 450 001 9910784019903321 005 20200520144314.0 010 $a1-280-70554-X 010 $a9786610705542 010 $a1-84663-097-5 035 $a(CKB)1000000000337417 035 $a(EBL)275474 035 $a(OCoLC)76965657 035 $a(SSID)ssj0000465813 035 $a(PQKBManifestationID)11316533 035 $a(PQKBTitleCode)TC0000465813 035 $a(PQKBWorkID)10457240 035 $a(PQKB)10076754 035 $a(Au-PeEL)EBL275473 035 $a(CaPaEBR)ebr10146676 035 $a(CaONFJC)MIL70553 035 $a(OCoLC)277185560 035 $a(MiAaPQ)EBC275474 035 $a(EXLCZ)991000000000337417 100 $a20000815d2006 uy 0 101 0 $aeng 135 $aur|n|---||||| 181 $ctxt 182 $cc 183 $acr 200 00$aConsumer empowerment$b[electronic resource] /$fguest editor: Len Tui Wright 210 $aBradford, England $cEmerald Group Publishing$dc2006 215 $a1 online resource (236 p.) 225 0 $aEuropean Journal of Marketing ;$v40, no. 9/10 300 $aDescription based upon print version of record. 311 $a1-84663-096-7 327 $aCover; CONTENTS; EDITORIAL REVIEW BOARD; Guest editorial; Acknowledgement to referees; Enhancing consumer empowerment; The internet, consumer empowerment and marketing strategies; Mapping consumer power: an integrative framework for marketing and consumer research; The internet, information and empowerment; Assumed empowerment: consuming professional services in the knowledge economy; Consumer empowerment: a Foucauldian interpretation; Self-empowerment and consumption; Consumption as voting: an exploration of consumer empowerment 327 $aCustomer empowerment and relationship outcomes in healthcare consultationsBrand community of convenience products: new forms of customer empowerment ? the case "my Nutella The Community"; The evolution of the empowered consumer; "Mothers of invention": maternal empowerment and convenience consumption; Book reviews; 330 $aGuest Editor Len Tiu Wright's definition of consumer empowerment in marketing is: "A mental state usually accompanied by a physical act which enables a consumer or a group of consumers to put into effect their own choices through demonstrating their needs, wants and demands in their decision-making with other individuals or organizational bodies in the marketplace." Through this e-book, which has received contributions from Australia, Canada, Italy, Portugal, UK and the USA, it is broadly argued that empowerment means consumers will become less passive in accepting whatever is offered by emplo 606 $aConsumer behavior 606 $aConsumers$xResearch 615 0$aConsumer behavior. 615 0$aConsumers$xResearch. 701 $aWright$b Len Tiu$01513998 801 0$bMiAaPQ 801 1$bMiAaPQ 801 2$bMiAaPQ 906 $aBOOK 912 $a9910784019903321 996 $aConsumer empowerment$93748820 997 $aUNINA LEADER 05258oam 2200673 c 450 001 996423848703316 005 20240209215301.0 010 $a3-8394-5693-2 024 7 $a10.14361/9783839456934 035 $a(CKB)5470000000557313 035 $a(DE-B1597)577787 035 $a(OCoLC)1253313752 035 $a(DE-B1597)9783839456934 035 $a(MiAaPQ)EBC6755569 035 $a(Au-PeEL)EBL6755569 035 $a(transcript Verlag)9783839456934 035 $a(MiAaPQ)EBC6956314 035 $a(Au-PeEL)EBL6956314 035 $a(oapen)https://directory.doabooks.org/handle/20.500.12854/70902 035 $a(MiAaPQ)EBC30591553 035 $a(Au-PeEL)EBL30591553 035 $a(EXLCZ)995470000000557313 100 $a20220221d2021 uy 0 101 0 $ager 135 $aur||#|||||||| 181 $ctxt$2rdacontent 182 $cc$2rdamedia 183 $acr$2rdacarrier 200 10$aArbeit an der Kultur$eMargaret Mead, Gregory Bateson und die amerikanische Anthropologie, 1930-1950$fThilo Neidho?fer 205 $a1st ed. 210 $aBielefeld$ctranscript Verlag$d2021 215 $a1 online resource (440 p.) 225 0 $aHistoire$v196 311 $a3-8376-5693-4 327 $tFrontmatter --$tInhalt --$t1. Einleitung --$t1.1 Ausgangspunkte/Szenario --$t1.2 Ziele/Herangehensweise --$t1.3 Forschungszusammenhang --$t1.4 Aufbau der Arbeit --$t2. Auto/Biografisches self-fashioning --$t2.1 Karte und Gebiet --$t2.2 Ein auto/biografisches Leben - beobachten, dokumentieren, archivieren --$t2.3 Das Erbe verwalten/Biografie gestalten --$t2.4 Exkurs I: ?Leben? und ?Werk? - über die Rolle von Nachlassverwaltern --$t2.5 Biografie als Autobiografie --$t2.6 Autobiografie als Vorbild --$t2.7 Kunst vs. Wissenschaft --$t3. Arbeit an der Kultur I: Cultural Anthropology --$t3.1 Deutsch-amerikanische Übersetzungen --$t3.2 Wissenschaftlichkeit und Geltungsbereiche --$t3.3 Wissenschaftlichkeit und Amerikanisierung --$t3.4 Ideen und Ideale --$t3.5 Theoriebeziehungen/Beziehungstheorien --$t3.6 Culture and personality: Das Projekt Bali nimmt Gestalt an --$t4. Arbeit an der Kultur II: Fieldwork --$t4.1 Bali als Versprechen --$t4.2 Antimoderne: Die ?Restaurierung? der balinesischen Kultur --$t4.3 Der Bali-circle --$t4.4 Ein anthropologisches Labor: Bayung Gede --$t4.5 Exkurs II: Villageology - das Dorf als epistemologische Größe und Sehnsuchtslandschaft --$t4.6 Die Angst der Dorfbewohner --$t4.7 Ehe, ethnografisch --$t4.8 Exkurs III: Fieldwork - anthropologische Dinge in ethnografischer Zone --$t4.9 Visuelle Anthropologie --$t4.10 Anthropologie vs. Kolonialjustiz: Der Fall Walter Spies --$t5. Arbeit an der Kultur III: Cultural engineering --$t5.1 Culture als Interventionsfeld --$t5.2 Culture and personality vs. Totalitarismus --$t5.3 Moral herstellen --$t5.4 Demokratisches cultural engineering? --$t5.5 »What makes Nazis tick« --$t5.6 Militärische Zonen/ethnografische Zonen --$t5.7 Moral (zer-)stören --$t5.8 Krisen/Brüche --$t6. Schluss: Cybernetics, culture, personality --$t7. Anhang 330 $aMargaret Mead und Gregory Bateson geho?rten in den 1930er und 1940er Jahren zu den fuhrenden Vertretern der Cultural Anthropology in den USA. Die Anthropologie bot ihnen nicht nur einen Schlussel, um das Verha?ltnis von »culture« und »personality« besser zu verstehen, sondern diente ihnen ebenso als Werkzeug, um die Haltung der amerikanischen Bevo?lkerung mit Blick auf den Zweiten Weltkrieg abzustimmen und ihre Feinde zu beka?mpfen. So glaubte das Wissenschaftlerpaar daran, dass nur durch Arbeit an der Kultur der Aufbau einer friedlichen Welt gelingen ko?nne. Diesen Selbst- und Weltdeutungspraktiken spurt Thilo Neidho?fer am Beispiel ihrer Ehe nach. 410 0$aHistoire 606 $aMargaret Mead; Gregory Bateson; Anthropologie; Kultur; USA; 20. Jahrhundert; Wissenschaftsgeschichte; Kulturgeschichte; Wissenschaft; Amerikanische Geschichte; Geschichte des 20. Jahrhunderts; Geschichtswissenschaft; Anthropology; Culture; 20th Century; History of Science; Cultural History; Science; American History; History of the 20th Century; History; 610 $a20th Century. 610 $aAmerican History. 610 $aAnthropology. 610 $aCultural History. 610 $aCulture. 610 $aGregory Bateson. 610 $aHistory of Science. 610 $aHistory of the 20th Century. 610 $aHistory. 610 $aScience. 610 $aUSA. 615 4$aMargaret Mead; Gregory Bateson; Anthropologie; Kultur; USA; 20. Jahrhundert; Wissenschaftsgeschichte; Kulturgeschichte; Wissenschaft; Amerikanische Geschichte; Geschichte des 20. Jahrhunderts; Geschichtswissenschaft; Anthropology; Culture; 20th Century; History of Science; Cultural History; Science; American History; History of the 20th Century; History; 676 $a301.0973 700 $aNeidho?fer$b Thilo$pUniversita?t Linz, O?sterreich$4aut$01204789 712 02$aAustrian Science Fund - FWF (Fonds zur Förderung der wissenschaftlichen Forschung)$4fnd$4http://id.loc.gov/vocabulary/relators/fnd 801 0$bDE-B1597 801 1$bDE-B1597 906 $aBOOK 912 $a996423848703316 996 $aArbeit an der Kultur$92780526 997 $aUNISA LEADER 00769nam0-2200253 --450 001 9911033778603321 005 20260129120338.0 100 $a20251020d1968----kmuy0itay5050 ba 101 0 $aeng 102 $aUS 105 $aa 001yy 200 1 $aSouthern Italian Society$eIts Peasantry and Change$fJoseph A. Antinoro-Polizzi 210 $a[Rochester]$cThe Alpine Press$dc1968 215 $aXII, 308 p.$cill.$d23 cm 610 0 $aCambiamento sociale$aItalia meridionale 676 $a333.4$v23$zita 700 1$aAntinoro-Polizzi,$bJoseph A.$01852103 801 0$aIT$bUNINA$gREICAT$2UNIMARC 901 $aBK 912 $a9911033778603321 952 $aF ECO 25$b02/0152/25$fFAGBC 959 $aFAGBC 996 $aSouthern Italian Society$94446813 997 $aUNINA